Statistics for US states ending with a consonant

Click here to take the quiz!

General Stats

  • This quiz has been taken 481 times
    (458 since last reset)
  • The average score is 15 of 18

Answer Stats

Answer% Correct
Texas
92%
Oregon
91%
New York
90%
Washington
90%
Vermont
89%
Kansas
88%
Wyoming
87%
Arkansas
85%
Maryland
81%
Illinois
80%
Massachusetts
80%
Utah
80%
Connecticut
78%
Kentucky
78%
Rhode Island
78%
Wisconsin
78%
Michigan
77%
New Jersey
77%

Score Distribution

Percentile by Number Answered

Percent of People with Each Score

Your Score History

You have not taken this quiz since the last reset